Fine Arts - Painting | 2 | 3 | 0 | 0 | 60 | 61 | 103.20 | 0 | 1 |
Fine Arts - Music | 0 | 5 | 0 | 0 | 50 | 80 | 99.40 | 0 | 0 |
Literature - European | 0 | 3 | 0 | 0 | 30 | 103 | 115.33 | 0 | 0 |
Social Science - Psychology | 1 | 0 | 0 | 0 | 15 | 25 | 25.00 | 1 | 1 |
Fine Arts - Ballet/Dance | 0 | 1 | 0 | 0 | 10 | 131 | 131.00 | 0 | 0 |
Other - Other Academic and General Knowledge | 0 | 1 | 0 | 0 | 10 | 88 | 88.00 | 0 | 0 |
RMP - World Mythology | 0 | 1 | 0 | 0 | 10 | 123 | 123.00 | 0 | 0 |
Social Science - Economics | 0 | 1 | 0 | 0 | 10 | 108 | 108.00 | 0 | 0 |
Science - Engineering and Miscellaneous | 0 | 1 | 0 | 0 | 10 | 114 | 114.00 | 0 | 0 |
Fine Arts - Miscellaneous | 0 | 1 | 0 | 0 | 10 | 69 | 69.00 | 0 | 1 |
Fine Arts - Opera | 0 | 1 | 0 | 0 | 10 | 144 | 144.00 | 0 | 0 |
Literature - American | 0 | 1 | 0 | 0 | 10 | 137 | 137.00 | 0 | 0 |
Literature - British | 0 | 0 | 0 | 0 | 0 | | 0.00 | 0 | 0 |
Fine Arts - Architecture | 0 | 0 | 0 | 0 | 0 | | 0.00 | 0 | 0 |